000 00676nam0a22002531 4500
001 RU\NLR\INFOCOMM6\ROSSICA\1000352512
005 20250613190242.0
035 _a(NLR Aleph) 009905962
090 _a10594558
_c10594558
100 _a20030611d1816 |||y0rusy50 ca
101 0 _alat
102 _aRU
105 _ay ||||000ay
200 1 _aIndex plantarum horti Imperatoriae Medico-Chirurgicae Academiae
_fJason Petroff
210 _aPetropoli
_d1816
215 _d
700 1 _aPetroff
_bJ.
_gJason
_4070
801 1 _aRU
_bInfoComm
_c20030611
801 0 _aRU
_bNLR
_gPSBO
852 _aNLR
_j13.9.9.16
942 _cBOOK
980 _aNB
980 _aRossica